000 00478nam a22001577a 4500
005 20251108163333.0
008 250721s1981 xx 000 0 ara d
082 1 4 _a/158.7سيد
100 1 _aمرسي، سيد عبد الحميد
_eمؤلف
245 1 0 _aعلم النفس و الكفاية الإنتاجية /
264 1 _aالقاهرة :
_bمكتبة وهبه،
_c1981.
300 _a751ص
650 1 7 _aعلم النفس الصناعي
942 _2ddc
_cBK
999 _c144
_d144